Wild A to Z: Birds - Statistics

General Stats
  • This quiz has been taken 18 times
  • The average score is 15 of 26
Answer Stats
Hint Letter Answer % Correct
This massive bird is the namesake of a golf term for when you get three strokes under par. A Albatross
94%
These animals are naturally white, but turn pink due to their high-crustacean diet. F Flamingo
94%
This species of penguin is the largest, standing at around four feet tall. E Emperor penguin
88%
Thoth, the Egyptian god of wisdom, was commonly depicted with the head of one of these. I Ibis
88%
These large creatures are native to Africa are said to be able to disembowel a lion with a single kick. O Ostrich
88%
These brightly-colored birds were famously used in coal mines in the 19th century to detect toxic gases; due to their tiny builds and the rising of gases, they would drop dead first, warning the humans below. C Canary
82%
These birds are the fastest animals in the world, having been clocked at nearly 240mph (386km/h). P Peregrine falcon
82%
These large kingfishers, native to Australia, are known for their bizarre laughing call. K Kookaburra
76%
These scavengers are known for their bald heads, which help keep their faces clean while feeding on decaying carcasses. V Vulture
76%
These small birds are known throughout pop culture for their beautiful and powerful songs. N Nightingale
71%
One of the Beatles’ most famous songs is named for this type of bird. B Blackbird
65%
These brightly-colored corvids are known for their feathers, coming in colors such as blue and pink, and are known to be quite territorial. J Jay
65%
Refers to a pigeon breed specifically bred for their ability to return from long distances, historically used to deliver messages. H Homing pigeon
59%
According to the Chinese zodiac, the next year of this animal is 2029. R Rooster
59%
One of these brightly-colored birds is features on the flag of Guatemala. Q Quetzal
53%
These finches have black and white stripes on their faces and red beaks, and are commonly kept as pets. Z Zebra finch
53%
The Pileated is the largest species of these birds in North America. W Woodpecker
47%
A vibrant species of C commonly kept as pets, whose greatest predator is the puddy tat. Y Yellow
47%
These white birds-of-prey live in the Arctic and have a lifespan of roughly six and a half books. S Snowy owl
41%
These owls are named for their light brownish-grey color, which they use to effortlessly camouflage with tree bark. T Tawny owl
41%
The children’s song “Alouette” is actually about plucking one of these dead creatures. L Lark
35%
These tan-colored birds, native to North America, are known for their soft, forlorn-sounding coo. M Mourning dove
35%
In Greek mythology, this bird was considered a messenger of Zeus. G Golden eagle
24%
These short, plump birds have a brown plumeage on top and a white underside, and walk underwater to catch aquatic insects, hence their name. D Dipper
18%
These birds, found in Central and South America, have inflatable, red throat waddles and a crest resembling a large bouffant hairdo. U Umbrellabird
18%
This genus of gull contains only a single species, the Sabine’s gull, which is known to breed in the Arctic and migrate further south. X Xema
0%
No matching quizzes found
Score Distribution
Percent of People with Each Score
Percentile by Number Answered
Your Score History
You have not taken this quiz